| 000 | 00546nam a2200193 a 4500 | ||
|---|---|---|---|
| 005 | 20140310183549.0 | ||
| 008 | 110930s19uu xx 00 eng d | ||
| 020 | _a9781412947039 | ||
| 050 |
_aPN 4775 _b.At88 2008 |
||
| 100 | _aAtton, Chris | ||
| 245 |
_aAlternative journalism : _bjournalism studies keys texts / _cChris Atton and James Hamilton. |
||
| 260 |
_aLos Angeles : _bSage, _c2008. |
||
| 300 |
_a179 p. : _c24 cm. |
||
| 521 | _aMC | ||
| 650 | _aJournalism | ||
| 700 | _aHamilton, James | ||
| 942 |
_cBK _2lcc _kFOR |
||
| 999 |
_c24915 _d24915 |
||